|
|
|
|
| LEADER |
00000nam0a2200000 4500 |
| 001 |
348073 |
| 005 |
20231102010053.0 |
| 010 |
|
|
|a 9785020409224
|
| 035 |
|
|
|a (RuTPU)RU\TPU\book\380033
|
| 090 |
|
|
|a 348073
|
| 100 |
|
|
|a 20221018d2022 k y0rusy50 ca
|
| 101 |
0 |
|
|a rus
|
| 102 |
|
|
|a RU
|
| 105 |
|
|
|a y z 001zy
|
| 200 |
1 |
|
|a Разработка суперкомпьютера. Теория и практика
|e монография
|f А. Ю. Бяков
|
| 210 |
|
|
|a Москва
|c Наука
|d 2022
|
| 215 |
|
|
|a 695 с.
|
| 320 |
|
|
|a Библиогр.: с. 693-695
|
| 330 |
|
|
|a В монографии предложены описание и обоснование научно-технических решении и результатов по проекту "Эльбрус 3-1". Для квалифициированных программистов, разработчиков операционных систем и компиляторов языков программирования, архитекторов компьютеров и тех, кто хочет ими стать или хочет глубоко овладеть технологиями программировании.
|
| 606 |
1 |
|
|a Суперкомпьютеры
|2 stltpush
|3 (RuTPU)RU\TPU\subj\69247
|9 84204
|
| 610 |
1 |
|
|a программирование
|
| 610 |
1 |
|
|a операционные системы
|
| 610 |
1 |
|
|a языки программирования
|
| 610 |
1 |
|
|a параллельное программирование
|
| 610 |
1 |
|
|a программные модули
|
| 610 |
1 |
|
|a суперсистемы
|
| 610 |
1 |
|
|a алгоритмы
|
| 675 |
|
|
|a 004.382.2
|v 4
|
| 700 |
|
1 |
|a Бяков
|b А. Ю.
|g Александр Юрьевич
|
| 801 |
|
1 |
|a RU
|b 63413507
|c 20221018
|
| 801 |
|
2 |
|a RU
|b 63413507
|c 20221118
|g RCR
|
| 942 |
|
|
|c BK
|